| 000 | 01070cam a2200289 i 4500 | ||
|---|---|---|---|
| 001 | 37514 | ||
| 003 | Mx-PuUPA | ||
| 005 | 20260129143330.0 | ||
| 008 | 140415s1974 mx a gr 000 0 spa d | ||
| 040 |
_aMx-PuUPA _bspa _cMx-PuUPA _dMx-PuUPA _erda |
||
| 041 | 0 | _aspa | |
| 100 | 1 |
_aLópez Beltrán, Lauro, _eautor _9336 |
|
| 245 | 1 | 0 |
_aManríquez y Zárate : _bprimer obispo de Huejutla sublimador de Juan Diego heróico defensor de la fe / _cPbro. Lauro López Beltrán |
| 250 |
_aPrimera edición / _bnoviembre |
||
| 264 | 1 |
_aMéxico, D.F.: _bEditorial Tradición, _c1974 |
|
| 300 |
_a275 páginas : _bilustraciones ; _c24 cm |
||
| 336 |
_2rdacontent _atexto _btxt |
||
| 336 |
_2rdacontent _aimagen fija _bsti |
||
| 337 |
_2rdamedia _asin medio _bn |
||
| 338 |
_2rdacarrier _avolumen _bnc |
||
| 490 | 0 |
_aColección Episodios Nacionales Mexicanos ; _v8 |
|
| 600 | 1 | 4 |
_aManríquez y Zárate, José de Jesús, _d1884-1951 |
| 600 | 0 |
_aJuan Diego, _dSanto, _y1474-1548 |
|
| 942 |
_2ddc _cLI _h270.092 _iZ36 |
||
| 999 |
_c37514 _d37514 |
||